[Event "Charlotte Spring-E 2022"]
[Site "Charlotte"]
[Date "2022.03.18"]
[Round "3.5"]
[White "Chasin, Nico"]
[Black "Kanli, Alperen"]
[Result "1-0"]
[WhiteElo "2270"]
[BlackElo "2131"]
[Annotator "TA"]
[PlyCount "101"]
[EventDate "2022.03.16"]
[EventType "tourn"]
[EventCountry "USA"]
[SourceTitle "playchess.com"]
[Source "ChessBase"]
[SourceQuality "1"]

{[%evp 15,101,35,19,20,20,13,37,14,20,20,18,23,26,33,52,45,68,62,75,79,82,88,60,40,42,32,89,19,67,52,50,33,57,47,146,23,187,-45,-79,-88,-70,-91,-89,-77,0,0,32,39,39,37,124,138,473,480,469,458,418,346,384,343,327,309,512,504,672,615,537,276,340,316,354,345,345,294,278,300,383,344,293,280,240,157,333,306,350,333,29984,29985]} 1. d4 d5 2. c4 dxc4 3. e3 e6 4. Bxc4 Nf6 5. Nf3 a6 6. O-O b5 7. Bd3 Bb7 8. a4 b4 9. Nbd2 {D26: Queen's Gambit Accepted: 4 e3 e6 5 Bxc5 c5 sidelines.} c5 10. Qe2 Nbd7 11. e4 {White is slightly better.} cxd4 12. e5 Nd5 (12... Ng4 13. h3 Nh6 14. Be4 $16) 13. Nb3 {[%mdl 1024] White has compensation.} Be7 14. a5 {[#]} Qb8 $146 ({Predecessor:} 14... Nc5 15. Nxc5 Bxc5 16. Bd2 Be7 17. Qe4 Qd7 18. Qxd4 O-O 19. Bg5 Rfd8 {0-1 (66) Mekhitarian,K (2536)-Molina,R (2458) Natal 2019}) 15. Re1 $1 Qa7 16. Ng5 g6 17. Qg4 Rc8 18. h4 (18. Nxf7 $2 Kxf7 19. Nxd4 Nc5 $19) 18... Qb8 19. Nf3 {[%cal Bg5f3,Bf3d4,Bd4b3][%mdl 32]} Nc5 20. Nxc5 Rxc5 (20... h5 $1 $14 21. Qg3 Rxc5) 21. h5 (21. Bh6 $16) 21... Qc7 (21... gxh5 $11 {might be stronger.} 22. Qg7 Kd7) 22. Nxd4 {[%cal Rh5g6]} Rxa5 23. Rb1 Qb6 24. Nb3 Ra2 (24... f5 $1 $14 25. Qg3 (25. exf6 Nxf6 26. Bxg6+ hxg6 $16) 25... g5) 25. Re2 ({Better is} 25. Bh6 $16) 25... a5 $2 (25... g5 $11 {and Black is okay.}) 26. Qc4 $2 (26. Bh6 $1 $18) 26... a4 $15 27. Nc5 {[#]} Bxc5 28. Qxa2 {[#]} Qc6 29. Re4 {Prevents Nf4.} Nb6 {Inhibits Qc4.} (29... gxh5 $17 {Hoping for ...f5.} 30. Qc4 Rg8) 30. b3 $11 Qd7 31. Qc2 Bxe4 32. Bxe4 Qc8 {White leaves nothing to chance now.} ({Black should play} 32... Qc7 $1 $14) 33. bxa4 $16 {Threatens to win with Bh6.} Qc7 $2 {[%mdl 8192]} (33... O-O $16 {is a better chance.}) 34. Be3 Nd7 {[#]} 35. Rxb4 $3 {[%mdl 512]} O-O 36. Rb7 Qc8 {[#]} 37. Rxd7 $1 {[%mdl 512]} Qxd7 38. Qxc5 (38. Bxc5 Rc8 $14) 38... Qd1+ $2 (38... Qxa4 {was necessary.} 39. Bf3 Rb8) 39. Kh2 $18 Qxh5+ 40. Kg3 g5 41. f4 Qh4+ 42. Kf3 Qh5+ 43. Kf2 Qh4+ 44. Ke2 gxf4 45. Bd2 {Black must now prevent a5. The board is on fire. Active counter play! This bishop pair is nice.} ({Don't play} 45. Bf2 $6 Qh5+ 46. Bf3 Qg6 $18) 45... f3+ 46. gxf3 {White wants to mate with Qg1+.} Qh2+ 47. Qf2 Qxe5 48. Be3 Qb2+ $2 (48... Rd8 $16) 49. Kf1 Qa1+ {[#]} 50. Kg2 $1 {Bd4 is the strong threat.} Qxa4 (50... f5 $18) 51. Bh6 {Weighted Error Value: White=0.30/Black=0.59} ({Weaker is} 51. Qh4 f5 $14) 1-0

[Event "Charlotte Spring-E 2022"]
[Site "Charlotte"]
[Date "2022.03.18"]
[Round "4.1"]
[White "Chiku-Ratte, Olivier-Kenta"]
[Black "Kanli, Alperen"]
[Result "1-0"]
[WhiteElo "2382"]
[BlackElo "2131"]
[Annotator "ChessBase"]
[PlyCount "47"]
[EventDate "2022.03.16"]
[EventType "tourn"]
[EventCountry "USA"]
[SourceTitle "playchess.com"]
[Source "ChessBase"]
[SourceQuality "1"]
[TimeControl "5400+30"]

1. d4 {[%emt 0:01:43]} d5 {[%emt 0:00:11]} 2. c4 {[%emt 0:00:21]} dxc4 {[%emt 0:00:09]} 3. Nf3 {[%emt 0:00:14]} Nf6 {[%emt 0:00:11]} 4. e3 {[%emt 0:00:12]} e6 {[%emt 0:00:12]} 5. Bxc4 {[%emt 0:00:11]} a6 {[%emt 0:00:13]} 6. O-O {[%emt 0:03:23]} b5 {[%emt 0:00:06]} 7. Bd3 {[%emt 0:00:38]} Bb7 {[%emt 0:00:12]} 8. a4 {[%emt 0:01:21]} b4 {[%emt 0:00:02]} 9. Nbd2 {[%emt 0:00:05]} c5 {[%emt 0:00:07]} 10. e4 {[%emt 0:03:41]} c4 {[%emt 0:15:25]} 11. Bxc4 {[%emt 0:08:08]} Nxe4 {[%emt 0:00:44]} 12. Nxe4 {[%emt 0:12:47]} Bxe4 {[%emt 0:00:09]} 13. Re1 {[%emt 0:02:35]} Bd5 {[%emt 0:07:30]} 14. Bg5 {[%emt 0:05:16]} f6 {[%emt 0:22:20]} 15. Ne5 {[%emt 0:10:06]} fxg5 {[%emt 0:01:07]} 16. Qh5+ {[%emt 0:00:25]} g6 {[%emt 0:01:48]} 17. Nxg6 {[%emt 0:00:56]} hxg6 {[%emt 0:01:23]} 18. Qxg6+ {[%emt 0:01:04]} Kd7 {[%emt 0:47:41]} 19. Bxd5 {[%emt 0:01:44]} exd5 {[%emt 0:00:00]} 20. Rac1 Be7 {[%emt 0:01:00]} 21. Qe6+ {[%emt 0:01:23]} Ke8 {[%emt 0:00:00]} 22. Rc8 {[%emt 0:00:08]} Ra7 {[%emt 0:00:00]} 23. Rxd8+ {[%emt 0:00:21]} Kxd8 {[%emt 0:00:00]} 24. Qe5 {[%emt 0:00:02]} 1-0

[Event "Charlotte Spring-E 2022"]
[Site "Charlotte"]
[Date "2022.03.18"]
[Round "4.2"]
[White "Chen, Ryo"]
[Black "Chasin, Nico"]
[Result "0-1"]
[WhiteElo "2303"]
[BlackElo "2270"]
[Annotator "ChessBase"]
[PlyCount "90"]
[EventDate "2022.03.16"]
[EventType "tourn"]
[EventCountry "USA"]
[SourceTitle "playchess.com"]
[Source "ChessBase"]
[SourceQuality "1"]
[TimeControl "5400+30"]

1. e4 {[%emt 0:00:00]} c5 {[%emt 0:06:10]} 2. Nf3 {[%emt 0:00:01]} e6 {[%emt 0:00:08]} 3. d4 {[%emt 0:00:09]} cxd4 {[%emt 0:00:10]} 4. Nxd4 {[%emt 0:00:02]} Nc6 {[%emt 0:00:09]} 5. Nc3 {[%emt 0:00:07]} Qc7 {[%emt 0:00:05]} 6. Be3 {[%emt 0:00:24]} a6 {[%emt 0:00:10]} 7. g4 {[%emt 0:00:11]} b5 {[%emt 0:00:18]} 8. Nxc6 {[%emt 0:00:09]} Qxc6 {[%emt 0:00:09]} 9. Qd2 {[%emt 0:00:19]} b4 {[%emt 0:00:04]} 10. Ne2 {[%emt 0:00:06]} Qxe4 {[%emt 0:00:05]} 11. Rg1 {[%emt 0:00:12]} Qc6 {[%emt 0:00:05]} 12. Bg2 {[%emt 0:01:04]} d5 {[%emt 0:00:51]} 13. O-O-O {[%emt 0:00:27]} Nf6 {[%emt 0:00:34]} 14. g5 {[%emt 0:14:53]} Nd7 {[%emt 0:00:29]} 15. f4 {[%emt 0:05:15]} g6 {[%emt 0:08:47]} 16. Bd4 {[%emt 0:05:32]} Rg8 {[%emt 0:01:50]} 17. Kb1 {[%emt 0:04:28]} Bb7 {[%emt 0:08:33]} 18. Rc1 {[%emt 0:04:59]} Qb5 {[%emt 0:03:15]} 19. Ng3 {[%emt 0:13:34]} O-O-O {[%emt 0:10:27]} 20. Bf1 {[%emt 0:07:36]} Qa5 {[%emt 0:05:19]} 21. c4 {[%emt 0:09:21]} Kb8 {[%emt 0:00:18]} 22. cxd5 {[%emt 0:00:55]} Bxd5 {[%emt 0:00:45]} 23. Bc4 {[%emt 0:01:15]} Bb7 {[%emt 0:07:32]} 24. Rgd1 {[%emt 0:08:10]} Bc5 {[%emt 0:01:01]} 25. Qe3 {[%emt 0:08:33]} Bxd4 {[%emt 0:10:39]} 26. Rxd4 {[%emt 0:01:14]} Nc5 {[%emt 0:00:18]} 27. Qe5+ {[%emt 0:04:24]} Qc7 {[%emt 0:07:01]} 28. Rxd8+ {[%emt 0:05:07]} Rxd8 {[%emt 0:00:04]} 29. Qxc7+ {[%emt 0:00:37]} Kxc7 {[%emt 0:29:44]} 30. Bxa6 {[%emt 0:01:13]} Bxa6 {[%emt 0:00:00]} 31. Rxc5+ {[%emt 0:00:30]} Kb6 {[%emt 0:00:00]} 32. Re5 {[%emt 0:00:30]} Rd2 {[%emt 0:00:00]} 33. Ne4 {[%emt 0:05:43]} Rxh2 {[%emt 0:00:00]} 34. Nd6 {[%emt 0:00:00]} Bd3+ {[%emt 0:00:00]} 35. Kc1 {[%emt 0:00:00]} Rc2+ {[%emt 0:00:00]} 36. Kd1 {[%emt 0:00:00]} Rxb2 {[%emt 0:00:00]} 37. Re3 {[%emt 0:00:00]} Bc2+ {[%emt 0:04:00]} 38. Kc1 {[%emt 0:00:17]} Rxa2 {[%emt 0:00:00]} 39. Nxf7 {[%emt 0:00:26]} Bf5 {[%emt 0:01:00]} 40. Nd6 {[%emt 0:00:50]} Kc5 {[%emt 0:00:00]} 41. Nxf5 {[%emt 0:00:51]} exf5 {[%emt 0:00:00]} 42. Re7 {[%emt 0:00:21]} Rh2 {[%emt 0:00:00]} 43. Rc7+ {[%emt 0:00:21]} Kd4 {[%emt 0:00:00]} 44. Kb1 {[%emt 0:00:33]} Ke3 {[%emt 0:00:00]} 45. Rc4 {[%emt 0:00:08]} Rh4 {[%emt 0:03:00]} 0-1

[Event "Charlotte Spring-E 2022"]
[Site "Charlotte"]
[Date "2022.03.18"]
[Round "4.3"]
[White "Zaloznyy, Mike"]
[Black "Yang, Qindong"]
[Result "1/2-1/2"]
[WhiteElo "2065"]
[BlackElo "2084"]
[Annotator "ChessBase"]
[PlyCount "35"]
[EventDate "2022.03.16"]
[EventType "tourn"]
[EventCountry "USA"]
[SourceTitle "playchess.com"]
[Source "ChessBase"]
[SourceQuality "1"]
[TimeControl "5400+30"]

1. e4 {[%emt 0:00:24]} c5 {[%emt 0:00:26]} 2. Nf3 {[%emt 0:00:19]} d6 {[%emt 0:00:05]} 3. d4 {[%emt 0:00:09]} cxd4 {[%emt 0:00:04]} 4. Nxd4 {[%emt 0:00:08]} Nf6 {[%emt 0:00:03]} 5. f3 {[%emt 0:00:09]} e5 {[%emt 0:00:31]} 6. Nb3 {[%emt 0:00:09]} d5 {[%emt 0:00:08]} 7. Bg5 {[%emt 0:00:07]} Be6 {[%emt 0:00:40]} 8. Bxf6 {[%emt 0:00:47]} gxf6 {[%emt 0:00:08]} 9. exd5 {[%emt 0:00:13]} Qxd5 {[%emt 0:00:03]} 10. Qxd5 {[%emt 0:00:26]} Bxd5 {[%emt 0:00:03]} 11. Nc3 {[%emt 0:00:11]} Be6 {[%emt 0:01:11]} 12. O-O-O {[%emt 0:00:12]} Nc6 {[%emt 0:09:31]} 13. Ne4 {[%emt 0:06:06]} Ke7 {[%emt 0:06:02]} 14. Nbc5 {[%emt 0:02:31]} b6 {[%emt 0:03:32]} 15. Nxe6 {[%emt 0:07:40]} fxe6 {[%emt 0:00:14]} 16. Ba6 {[%emt 0:03:36]} Bh6+ {[%emt 0:07:00]} 17. Kb1 {[%emt 0:00:37]} Rad8 {[%emt 0:03:37]} 18. c3 {[%emt 0:09:43]} 1/2-1/2

[Event "Charlotte Spring-E 2022"]
[Site "Charlotte"]
[Date "2022.03.19"]
[Round "5.1"]
[White "Becerra Rivero, Julio"]
[Black "Chiku-Ratte, Olivier-Kenta"]
[Result "1-0"]
[WhiteElo "2493"]
[BlackElo "2382"]
[Annotator "TA"]
[PlyCount "87"]
[EventDate "2022.03.16"]
[EventType "tourn"]
[EventCountry "USA"]
[SourceTitle "playchess.com"]
[Source "ChessBase"]
[SourceQuality "1"]

{[%evp 14,87,18,15,27,2,6,0,8,0,0,0,0,-17,-12,-27,-31,-26,-28,-21,0,-14,-13,-27,-19,-19,0,0,0,0,0,0,11,0,31,12,8,9,58,51,50,25,133,135,132,25,110,25,148,25,25,25,145,145,145,145,145,111,145,142,145,122,129,77,299,266,266,254,610,604,1122,800,29983,29984,29984,990]} 1. e4 c5 2. Nf3 Nc6 3. Bb5 g6 4. O-O Bg7 5. Re1 e5 6. Bxc6 dxc6 7. d3 Qe7 8. a4 {[%cal Ba2a4,Ba4a5][%mdl 32]} Nf6 {B31: Sicilian: 2...Nc6 3 Bb5 g6.} 9. Na3 O-O 10. Nc4 Nd7 {The position is equal.} 11. a5 Rd8 12. Bd2 Nf8 13. Rb1 Qc7 {[#]} 14. h3 $146 ({Predecessor:} 14. b4 Be6 15. Ne3 cxb4 16. Rxb4 b5 17. axb6 axb6 18. Qb1 b5 19. c4 Qd6 20. cxb5 cxb5 {0-1 (84) Pridorozhni,A (2565)-Frolyanov,D (2563) Khanty-Mansiysk 2017}) 14... b5 15. axb6 axb6 16. Ra1 Bb7 17. Qe2 Ne6 18. Qf1 Ba6 19. b3 Bxc4 20. bxc4 b5 21. Rxa8 Rxa8 22. Ra1 Qb8 23. Qb1 {And now Rxa8 would win.} b4 24. Ra2 (24. Be3 {keeps more tension.} Bf6 25. g3 h5 26. Kg2 Kg7 27. Ra2) 24... Rxa2 25. Qxa2 Qb7 (25... Nd4 $11 {was preferrable.}) 26. Be3 $14 Bf6 27. g3 (27. Bh6 {feels hotter.} Qc7 28. Qa1 Qd8 29. g3 Qd6 30. h4) 27... Nd4 (27... Kg7 $11) 28. Bxd4 $16 cxd4 {[#]} 29. Qa4 ({White must play} 29. Qa5 $1 $16) 29... h5 (29... Qb6 $1 $11) 30. h4 (30. c5 $16) 30... Kg7 (30... Qb6 $1 $11 {keeps the balance.}) 31. Kg2 (31. Qa5 $16) 31... Qb6 $11 32. Nd2 g5 (32... Be7 $11 {remains equal.}) 33. hxg5 $16 Bxg5 34. Nf3 {[%csl LRe5,LRg5]} Bf6 35. Kf1 Qb7 36. c5 Kf8 37. Ke2 Ke8 38. Nd2 ({Better is} 38. Kd1) 38... h4 $2 {This costs Black the game.} (38... Be7 $16) 39. gxh4 Bxh4 40. Nc4 {[#] Threatening mate with Nd6+.} Qc7 (40... Be7 41. Nxe5 Bxc5 42. Nxc6 Kf8) 41. Nd6+ $18 Kd7 42. Qa2 Kd8 43. Qa8+ Ke7 44. Nf5+ {Weighted Error Value: White=0.24 (precise) /Black=0.66} (44. Qe8+ $142 Kf6 45. Qh8+ Ke7 46. Qe8+ Kf6 47. Qh8+ Ke6 48. Qxh4 Kd7 49. Qg4+ Ke7 50. Qg5+ Kf8 51. Qh6+ Ke7 52. Qg5+ Kf8 53. Qxe5) 1-0

[Event "Charlotte Spring-E 2022"]
[Site "Charlotte"]
[Date "2022.03.19"]
[Round "5.2"]
[White "Rorrer, Grayson"]
[Black "Matros, Alexander"]
[Result "1/2-1/2"]
[WhiteElo "2191"]
[BlackElo "2357"]
[Annotator "TA"]
[PlyCount "34"]
[EventDate "2022.03.16"]
[EventType "tourn"]
[EventCountry "USA"]
[SourceTitle "playchess.com"]
[Source "ChessBase"]
[SourceQuality "1"]

{[%evp 9,34,8,6,-4,0,-9,20,-14,-15,-16,0,-8,-4,-10,17,11,20,0,-2,-46,-14,-82,-57,-83,23,-1,0]} 1. e4 c5 2. Nf3 Nc6 3. Bb5 e5 4. Bxc6 dxc6 5. d3 Bd6 6. a4 {B30: Sicilian: 2...Nc6 3 Bb5, lines without ...g6.} Ne7 7. Na3 O-O 8. h3 {[#]} Ng6 $146 ({Predecessor:} 8... Bc7 9. Be3 b6 10. O-O a5 11. Qd2 Ng6 12. Rad1 Be6 13. Nc4 h6 14. c3 Kh7 {0-1 (44) Fischer,J (2071)-Dardha,D (2516) Europe Echecs INT 2021}) 9. O-O f5 10. exf5 Bxf5 11. Nc4 Qd7 12. Nxd6 Qxd6 13. Nd2 Rad8 14. Re1 (14. Qf3 $11) 14... Qd4 {[%cal Of5g4] [#] And now ...Bg4! would win.} 15. Nf3 (15. Qe2 $1 $11) 15... Qd5 $17 {Strongly threatening ...e4.} 16. Bg5 Rde8 (16... Rd6 $17 {Threatens to win with ...h6.} 17. Nh4 h6) 17. Nh4 Nxh4 {Weighted Error Value: White=0.20 (precise) /Black=0.25 (precise)} 1/2-1/2

[Event "Charlotte Spring-E 2022"]
[Site "Charlotte"]
[Date "2022.03.19"]
[Round "5.3"]
[White "Yang, Qindong"]
[Black "Woodward, Andy"]
[Result "1/2-1/2"]
[WhiteElo "2084"]
[BlackElo "2317"]
[Annotator "TA"]
[PlyCount "45"]
[EventDate "2022.03.16"]
[EventType "tourn"]
[EventCountry "USA"]
[SourceTitle "playchess.com"]
[Source "ChessBase"]
[SourceQuality "1"]

{[%evp 18,45,17,8,8,21,24,0,7,0,2,6,18,-23,25,-8,-5,-23,42,37,42,42,42,17,12,10,31,45,48,0]} 1. d4 Nf6 2. c4 g6 3. Nf3 Bg7 4. g3 O-O 5. Bg2 d6 6. O-O c6 7. Nc3 Qb6 8. h3 Qa6 9. b3 b5 10. Nd2 {[%cal Bf3d2,Bd2c4,Bc4e5][%mdl 32] Black should prevent cxb5.} bxc4 $1 {[%mdl 4] is recently more successful than 10...Bb7. E62: King's Indian: Fianchetto: 6...c6 and Panno Variation (6...Nc6) without ...a6.} 11. Nxc4 Bb7 12. Bb2 Nbd7 {The position is equal.} 13. e4 d5 14. Ne5 e6 15. Qc2 (15. Rc1 $142) 15... Rac8 {[#]} (15... c5 $142 $1 16. Nxd7 Nxd7 17. dxc5 d4) 16. Nxd7 $146 ({Predecessor:} 16. Na4 dxe4 17. Nxd7 Nxd7 18. Qxe4 Rc7 19. Qf4 Rfc8 20. Rfd1 c5 21. Bxb7 Qxb7 22. dxc5 Nxc5 23. Rac1 e5 24. Bxe5 Bxe5 25. Qxe5 Nxa4 26. Rxc7 Qxc7 {½-½ (26) Baryshpolets,A (2480)-Gorovets,A (2422) Kiev 2011}) 16... Nxd7 17. Na4 {Prevents c5.} Qa5 ({Black should try} 17... c5 $11) 18. Rfc1 $14 dxe4 19. Qxe4 Rfd8 20. Nc5 Nxc5 21. Rxc5 Qc7 22. Rac1 Rd6 23. Qc2 {Weighted Error Value: White=0.11 (very precise) /Black=0.18 (very precise)} (23. R1c4 $14 {should be considered.}) 1/2-1/2

[Event "Charlotte Spring-E 2022"]
[Site "Charlotte"]
[Date "2022.03.19"]
[Round "5.4"]
[White "Chasin, Nico"]
[Black "Zaloznyy, Mike"]
[Result "1-0"]
[WhiteElo "2270"]
[BlackElo "2065"]
[Annotator "TA"]
[PlyCount "153"]
[EventDate "2022.03.16"]
[EventType "tourn"]
[EventCountry "USA"]
[SourceTitle "playchess.com"]
[Source "ChessBase"]
[SourceQuality "1"]

{[%evp 13,153,22,22,0,0,0,0,0,0,0,14,0,56,61,58,54,70,61,54,80,57,77,70,60,61,56,62,66,53,14,36,33,264,264,264,118,131,110,114,125,117,118,141,129,164,129,129,129,129,129,129,129,129,129,129,129,129,127,129,126,150,143,143,129,129,118,129,120,129,129,139,136,147,136,147,146,142,149,150,118,156,89,156,156,162,156,203,203,210,210,210,210,210,210,237,236,305,314,380,372,443,443,443,439,806,806,733,697,739,738,6049,702,29941,1483,12819,681,925,848,5046,5023,1837,1601,5885,4602,1031,1039,29981,29973,29981,29982,29983,29984,29987,29987,29992,29987,29996,29994,29996,29994,29997,716]} 1. d4 d5 2. c4 dxc4 3. e3 Nf6 4. Bxc4 e6 5. Nf3 a6 6. O-O b5 7. Bd3 {7.Be2 is the modern continuation.} c5 8. Nbd2 {D26: Queen's Gambit Accepted: 4 e3 e6 5 Bxc5 c5 sidelines.} Bb7 9. Qe2 Nbd7 10. a4 {The position is equal.} c4 11. Bc2 {[#]} Bd6 $146 ({Predecessor:} 11... Be7 12. e4 O-O 13. e5 Nd5 14. Ne4 h6 15. h3 Rc8 16. Nh2 Nb4 17. Bb1 Nd3 {0-1 (79) Galliamova,A (2444)-Postny,E (2601) Riga 2019}) 12. e4 {Strongly threatening e5.} e5 ({Black should play} 12... Be7 $11) 13. dxe5 $14 Nxe5 14. Nxe5 Bxe5 15. Nf3 Qc7 16. axb5 axb5 17. Rxa8+ Bxa8 18. b3 (18. Nxe5 {feels hotter.} Qxe5 19. b3 O-O 20. bxc4 Bc6 21. f3) 18... O-O 19. bxc4 bxc4 20. Nxe5 Qxe5 21. Qxc4 {next Ba3 is good for White.} Nxe4 22. Re1 {[%cal Rc2e4]} Nd6 {[#]} 23. Bxh7+ $1 $18 {[%mdl 512]} Kh8 {[#]} 24. Rxe5 {Active counter play!} (24. Qb4 $1 $18 {is the precise move to win.} Qxe1+ 25. Qxe1 Kxh7 26. f3) 24... Nxc4 $16 25. Rh5 {[%cal Be5h5,Bh5h4,Bh4d4][%mdl 32] aiming for f3.} Rd8 {[%cal Rd8d1]} 26. Bc2+ Kg8 27. f3 {Prevents Be4.} g6 28. Rh4 Rc8 {[%cal Oa8f3]} 29. Bb3 Bd5 (29... Na5 $2 30. Bb2 Kf8 31. Rh8+ Ke7 32. Rxc8 $18) 30. Bg5 Kg7 {To avoid Bf6+} 31. Rd4 Be6 32. Rf4 {Inhibits f6. White wants to mate with Bf6+.} f5 33. Rd4 Kf7 34. Rh4 Kg7 35. Kf2 Rc6 36. Rd4 Rc8 37. Kg3 Kf7 38. Ba4 Nb6 39. Bb5 Rc5 40. Be2 Rc2 41. Bd3 Rc6 42. Rb4 Rd6 43. Be2 Rc6 44. Rb5 Rc2 45. Bf1 Rc6 46. Ra5 Nd7 47. Ra8 (47. Ra7 $142) 47... Rb6 {Inhibits Bb5.} (47... Bc4 $142) 48. Ra7 Rb1 49. Bd3 Rd1 (49... Rb2 $16 50. Rc7 Kf8) 50. Bb5 $18 Rd4 51. Kf2 Rd1 52. Ke2 Rd5 53. Ba4 Kg8 54. Bf4 {Hoping for Bb3. A strong pair of Bishops.} Nc5 {[#]} 55. Be8 Nd3 56. Ke3 Ne1 57. Kf2 Nd3+ 58. Kg3 Nxf4 (58... Rd4 $142) 59. Kxf4 {[%mdl 4096] Endgame KRB-KRB} Rd2 60. g3 Rxh2 61. Bxg6 {And now Ke5 would win.} Rg2 62. Re7 (62. Ke5 $142 Bd5 63. Kxd5 Rxg3 64. Bf7+ Kg7 65. Ke5) 62... Bc8 63. Rc7 (63. Kg5 $142 Rc2 64. Kh6 Rh2+ 65. Bh5 Rxh5+ 66. Kxh5 Kf8 67. Re5 Bd7 68. Kg5) 63... Be6 64. Rc5 (64. Ke5 $142 Re2+ 65. Kf6) 64... Rb2 65. Bxf5 Rb4+ 66. Kg5 Bf7 67. Bg6 Ba2 68. Kh6 {[%cal Rc5c8]} Rb8 {To avoid Rc8+} 69. f4 {[%cal Bf3f4,Bf4f5,Bf5f6][%mdl 32] f5 would kill now.} Rf8 70. Re5 {White mates.} Bc4 71. f5 Bd3 72. g4 {[%cal Bg3g4,Bg4g5][%mdl 32]} Bc4 73. g5 Bf7 74. f6 Bb3 75. Re7 Ba4 76. Rg7+ Kh8 77. Rh7+ {Weighted Error Value: White=0.08 (flawless) /Black=0.22 (precise)} (77. f7 $142 Rxf7 78. Bxf7 Bd7 79. Rh7#) 1-0

[Event "Charlotte Spring-E 2022"]
[Site "Charlotte"]
[Date "2022.03.19"]
[Round "5.5"]
[White "Kanli, Alperen"]
[Black "Chen, Ryo"]
[Result "1/2-1/2"]
[WhiteElo "2131"]
[BlackElo "2303"]
[Annotator "TA"]
[PlyCount "116"]
[EventDate "2022.03.16"]
[EventType "tourn"]
[EventCountry "USA"]
[SourceTitle "playchess.com"]
[Source "ChessBase"]
[SourceQuality "1"]

{[%evp 25,116,23,14,22,49,51,53,5,14,0,0,0,0,0,0,-8,-7,-15,-7,-7,-7,-16,-7,-8,0,-10,0,0,0,-3,-10,-8,-10,-7,0,0,0,-14,0,-18,-13,-43,0,0,0,-44,0,0,0,0,0,-83,0,0,0,0,0,0,0,0,0,0,0,-348,-347,-359,-131,-134,-18,-16,-26,-24,0,-336,-327,-256,0,0,0,-18,-7,-15,0,0,0,0,0,0,0,0,0,0,0]} 1. d4 Nf6 2. c4 g6 3. Nc3 Bg7 4. e4 d6 5. Nf3 O-O 6. Be2 e5 7. O-O exd4 8. Nxd4 Re8 9. f3 Nc6 10. Be3 Nh5 {[%cal Bf6h5,Bh5f4,Bf4e2][%mdl 32]} 11. Qd2 Nf4 12. Nxc6 Nxe2+ 13. Nxe2 bxc6 {[%cal Bb7c6,Bc6c5][%mdl 32]} 14. Bd4 {E94: King's Indian: Classical: 6 Be2 e5 7 0-0: Various Black 7th moves.} Be6 15. Bxg7 Kxg7 16. Nd4 (16. Rac1 $14) 16... c5 $11 17. Ne2 Qf6 18. b3 a5 $1 19. Nc3 {[#]} a4 $146 ({Don't do} 19... Qd4+ 20. Qxd4+ cxd4 21. Nb5 $16) ({Predecessor:} 19... Reb8 20. Rad1 a4 21. Nxa4 Bxc4 22. Rfe1 Be6 23. e5 dxe5 24. Nxc5 Rb5 25. Rc1 Ra3 {1-0 (35) Cheung,J (2079)-Van Lommel,P (2135) Amsterdam 2013}) 20. Nxa4 {[#]} Bxc4 $1 21. Rfd1 (21. Rfe1 Bb5) 21... Bb5 22. Nc3 Bc6 23. Qd3 Ra5 24. Rac1 Rb8 25. Rc2 Rba8 26. Qe3 Re8 27. Qd3 h5 28. Nd5 Bxd5 29. Qxd5 Re5 30. Qd2 Rb5 31. Qc3 h4 32. a4 Rb4 33. Rd3 g5 (33... h3 $15 34. g3 c4 $1 35. bxc4 Rxa4) 34. h3 Re8 35. Kf2 (35. Qd2 $11) 35... Re5 (35... Qxc3 $15 {might be stronger.} 36. Rdxc3 Kf6) 36. Kg1 Kg6 37. Ra2 Re8 38. Rc2 (38. Qc2 $11) 38... Qe6 (38... Reb8 $17 39. Qxf6+ Kxf6) 39. Rd5 f6 40. Qd3 Kg7 41. Rc4 {And now Rxb4 would win.} Rb7 42. Qc3 Reb8 43. Rxg5+ Kf7 44. Rf5 $2 {[%mdl 8192]} (44. Rh5 $11 {and White is okay.}) 44... Rxb3 $19 45. Qc2 {[%cal Oe4e5]} Rb2 $2 (45... Rb1+ $19 {has better winning chances.} 46. Kh2 Ke8) 46. Qd3 $17 {[%cal Oe4e5]} Ke7 ({Better is} 46... R8b3 $17 47. Rc3 Rb4) 47. e5 $1 $11 Rg8 48. Rg4 {Really sharp!} ({Not} 48. exf6+ $2 Kf8 49. Rg4 c4 $19) 48... fxe5 {[%cal Oc5c4] Hoping for ...c4!} 49. Rfg5 $2 {[%mdl 8192]} (49. Rh5 $11 {and White has nothing to worry.} Rxg4 50. hxg4) 49... Rxg5 $19 50. Rxg5 {[%mdl 4096] Endgame [#] KQR-KQR} Kd7 $2 ({Black should try} 50... e4 $1 $19 {[%cal Re4d3]} 51. Qe3 Kd7 52. fxe4 Qf6) 51. Rg7+ $11 {The position is equal.} Kc8 {[%cal Oe5e4]} 52. Qa6+ Kb8 53. Qc6 Qc8 54. a5 Qb7 55. Qe8+ Qc8 56. Qc6 {aiming for a6.} Qb7 57. Qe8+ Qc8 58. Qc6 {a6 is the strong threat.} Qb7 {Weighted Error Value: White=0.35/Black=0.23 (precise)} 1/2-1/2